000
00298nam a22001337a 4500
008
181126b xxu||||| |||| 00| 0 eng d
020
_a
9780226393346
041
_a
eng
080
_a
941
100
_a
16
101
_a
HIS
245
_a
Costarican Natural History
_c
Jenzen.D.H
942
_2
udc
_c
BK
999
_c
52497
_d
52497